| 000 | 00358cam a2200145ua 4500 | ||
|---|---|---|---|
| 041 |
_amal _h |
||
| 082 |
_a894.812301 _bDAM/CH |
||
| 100 | _aDamodaran, P.S . | ||
| 245 |
_aChoondakkaran / _cP.S.Damodaran. _hTextual Documents |
||
| 260 |
_aCochi : _bPrakasam publishing house , _c1950. |
||
| 300 | _a93 ; . | ||
| 504 | _a | ||
| 942 | _cBK | ||
| 999 |
_c951 _d951 |
||